Every Team Ohio State's Lost To Since 2000 - Statistics

General Stats
  • This quiz has been taken 79 times
  • The average score is 17 of 24
Answer Stats
Hint Answer % Correct
6 Michigan
100%
1 Alabama
94%
5 Penn State
93%
2 Oregon
90%
3 Michigan State
88%
1 Georgia
84%
2 Iowa
84%
5 Purdue
82%
2 Texas
81%
4 Wisconsin
81%
2 Florida
76%
3 Clemson
75%
2 Illinois
68%
1 Nebraska
68%
2 USC
68%
1 LSU
65%
1 Oklahoma
62%
1 Miami
60%
1 Northwestern
57%
1 Minnesota
56%
1 Missouri
56%
1 UCLA
53%
1 Virginia Tech
47%
2 South Carolina
24%
No matching quizzes found
Score Distribution
Percent of People with Each Score
Percentile by Number Answered
Your Score History
You have not taken this quiz